000 00723nam a22002057a 4500
999 _c16604
_d16604
003 AR-CdUCM
008 190225b ||||| |||| 00| 0 spa d
040 _aMUNICIPALIDAD PROVINCIAL DEL CUSCO
_cBIBLIOTECA MUNICIPAL DEL CUSCO
082 _a301.6 /
_bS47
100 _aShields, James J.
_936140
245 _aLa educación en el desarrollo de la comunidad :
_bSu función en la asistencia técnica /
260 _bPaidos,
_c1967.
_aBuenos Aires :
300 _a165 paginas ;
_c20 cm.
505 _aContenido :La educación en el desarrollo de la comunidad ...
650 _aAmérica Latina.
_91130
650 _aCambios sociales.
_94340
650 _aEducación.
_9460
942 _2ddc
_cLIBROS
945 _arum
_d2019-05-03